Everyday Creative
| Main Author: | |
|---|---|
| Other Authors: | |
| Format: | Book |
| Published: |
Wiley Boston :
MA Safari ,
2020
|
| Subjects: |
MARC
| LEADER | 00000cam a2200000 7i4500 | ||
|---|---|---|---|
| 001 | 0000088118 | ||
| 005 | 20230125110028.0 | ||
| 008 | 220322 | ||
| 020 | |a 9780730383734 | ||
| 041 | 0 | |a English | |
| 090 | 0 | 0 | |a 650.1 |b DIX |
| 100 | 1 | |a Dixon,Mykel | |
| 245 | 1 | 0 | |a Everyday Creative |c Mykel Dixon |
| 260 | |a Wiley Boston : |b MA Safari , |c 2020 | ||
| 300 | |a 214 p. : |b ill., col. ; |c 23 cm. | ||
| 541 | |c Purchased on 2021 |f KPM/JI/132 |h RM86.00 | ||
| 650 | 0 | |a Business | |
| 650 | 0 | |a Creative ability | |
| 700 | 0 | |a Title | |
| 999 | |a 0001677017 |b Book |c Adult Collection |e Perbadanan Perpustakaan Awam Johor | ||